Normal view
MARC view
- Noor ul Ain
Entry Personal Name
001 - CONTROL NUMBER
- control field: 98524
003 - CONTROL NUMBER IDENTIFIER
- control field: NUST
005 - DATE AND TIME OF LATEST TRANSACTION
- control field: 20220825162453.0
008 - FIXED-LENGTH DATA ELEMENTS
- fixed length control field: 220825|| aca||aabn | a|a d
040 ## - CATALOGING SOURCE
- Original cataloging agency: NUST
- Transcribing agency: NUST
100 ## - HEADING--PERSONAL NAME
- Personal name: Noor ul Ain
670 ## - SOURCE DATA FOUND
- Source citation: Work cat.: (NUST)491046: Noor ul Ain, Non local correlations & quantum cryptography, 2017
